<?xml version="1.0" encoding="UTF-8"?><?xml-stylesheet type="text/xsl" href="static/style.xsl"?><OAI-PMH xmlns="http://www.openarchives.org/OAI/2.0/" xmlns:xsi="http://www.w3.org/2001/XMLSchema-instance" xsi:schemaLocation="http://www.openarchives.org/OAI/2.0/ http://www.openarchives.org/OAI/2.0/OAI-PMH.xsd"><responseDate>2026-04-17T14:00:19Z</responseDate><request verb="GetRecord" identifier="oai:www.recercat.cat:10256/23440" metadataPrefix="marc">https://recercat.cat/oai/request</request><GetRecord><record><header><identifier>oai:recercat.cat:10256/23440</identifier><datestamp>2024-06-18T12:08:08Z</datestamp><setSpec>com_2072_452955</setSpec><setSpec>com_2072_2054</setSpec><setSpec>col_2072_453062</setSpec></header><metadata><record xmlns="http://www.loc.gov/MARC21/slim" xmlns:dcterms="http://purl.org/dc/terms/" xmlns:xsi="http://www.w3.org/2001/XMLSchema-instance" xmlns:doc="http://www.lyncode.com/xoai" xsi:schemaLocation="http://www.loc.gov/MARC21/slim http://www.loc.gov/standards/marcxml/schema/MARC21slim.xsd">
   <leader>00925njm 22002777a 4500</leader>
   <datafield ind2=" " ind1=" " tag="042">
      <subfield code="a">dc</subfield>
   </datafield>
   <datafield ind2=" " ind1=" " tag="720">
      <subfield code="a">Wang, Yayu</subfield>
      <subfield code="e">author</subfield>
   </datafield>
   <datafield ind2=" " ind1=" " tag="720">
      <subfield code="a">Xiao, Yang</subfield>
      <subfield code="e">author</subfield>
   </datafield>
   <datafield ind2=" " ind1=" " tag="720">
      <subfield code="a">Puig Bargués, Jaume</subfield>
      <subfield code="e">author</subfield>
   </datafield>
   <datafield ind2=" " ind1=" " tag="720">
      <subfield code="a">Zhou, Bo</subfield>
      <subfield code="e">author</subfield>
   </datafield>
   <datafield ind2=" " ind1=" " tag="720">
      <subfield code="a">Liu, Zeyuan</subfield>
      <subfield code="e">author</subfield>
   </datafield>
   <datafield ind2=" " ind1=" " tag="720">
      <subfield code="a">Muhammad, Tahir</subfield>
      <subfield code="e">author</subfield>
   </datafield>
   <datafield ind2=" " ind1=" " tag="720">
      <subfield code="a">Liang, Hongbang</subfield>
      <subfield code="e">author</subfield>
   </datafield>
   <datafield ind2=" " ind1=" " tag="720">
      <subfield code="a">Maitusong, Memetmin</subfield>
      <subfield code="e">author</subfield>
   </datafield>
   <datafield ind2=" " ind1=" " tag="720">
      <subfield code="a">Wang, Zhenhua</subfield>
      <subfield code="e">author</subfield>
   </datafield>
   <datafield ind2=" " ind1=" " tag="720">
      <subfield code="a">Li, Yunkai</subfield>
      <subfield code="e">author</subfield>
   </datafield>
   <datafield ind2=" " ind1=" " tag="260">
      <subfield code="c">2023-11-01</subfield>
   </datafield>
   <datafield ind2=" " ind1=" " tag="520">
      <subfield code="a">Utilizing brackish water with drip irrigation technology, due to its precise water control alleviates the secondary soil salinization, and improves crop yield and quality, which offers sustainable agricultural development opportunities in saline areas. However, the complex characteristics of brackish water increase the risk of drip irrigation emitter clogging, which inhibit its promotion and adoption. It is necessary to find out the dominant water quality ions that lead to emitter clogging under multiple ion interactions when using brackish water under multiple ion coexistence conditions. Thus, the in-situ pilot research was conducted to study the emitter clogging mechanism using brackish water collected from 16 different salt-alkaline regions. A comprehensive evaluation with the consideration of 11 water quality ions on emitter clogging were conducted. Results showed that the degree of emitter clogging gradually increased in the first 40 days of irrigation, hereafter started an accelerated reduction until the days 64 of brackish water application. Spearman correlation and structural equation modelling were used to identify the main factors contribute to emitter clogging. And results indicated that calcium fouling (CF) and silica fouling (SF) were the major fouling minerals in the emitter flow channels. Ca2+, CO32-+HCO3-, pH, total hardness (TH), and zeta potential (ZP) were the key water characteristics leading to emitter clogging. These factors directly affected CF and SF, while also affecting the Mg2+, Mn2+, Cu2+, and other water quality factors which indirectly enhanced the CF and SF. Thereafter a few water quality control strategies were proposed based on emitter clogging and soil salinization mitigation. This study identified the key water quality ions that induce drip irrigation emitter clogging when using brackish water, provided solid support for solving the clogging issue, and promoted the high-efficient utilization of brackish water in saline areas</subfield>
   </datafield>
   <datafield ind2=" " ind1=" " tag="520">
      <subfield code="a">This work was supported by the National Natural Science Foundation of China (51790531), Bingtuan Science and Technology Program (2022DB024), Special Research Project of Kashgar River in Xinjiang (XJKGKY001).</subfield>
   </datafield>
   <datafield ind1="8" ind2=" " tag="024">
      <subfield code="a">http://hdl.handle.net/10256/23440</subfield>
   </datafield>
   <datafield tag="653" ind2=" " ind1=" ">
      <subfield code="a">Regatge per degoteig</subfield>
   </datafield>
   <datafield tag="653" ind2=" " ind1=" ">
      <subfield code="a">Agricultura sostenible</subfield>
   </datafield>
   <datafield tag="653" ind2=" " ind1=" ">
      <subfield code="a">Salinitat</subfield>
   </datafield>
   <datafield tag="653" ind2=" " ind1=" ">
      <subfield code="a">Trickle irrigation</subfield>
   </datafield>
   <datafield tag="653" ind2=" " ind1=" ">
      <subfield code="a">Sustainable agriculture</subfield>
   </datafield>
   <datafield tag="653" ind2=" " ind1=" ">
      <subfield code="a">Salinity</subfield>
   </datafield>
   <datafield ind2="0" ind1="0" tag="245">
      <subfield code="a">Assessment of water quality ions in brackish water on drip irrigation system performance applied in saline areas</subfield>
   </datafield>
</record></metadata></record></GetRecord></OAI-PMH>